[Event "Pereira GP op 2nd"]
[Site "Pereira"]
[Date "2023.10.21"]
[Round "3"]
[White "Giraldo Guevara, Juan Diego"]
[Black "Cardona Duque, Juan Esteban"]
[Result "0-1"]
[WhiteElo "1627"]
[BlackElo "1422"]
[PlyCount "58"]
[EventDate "2023.10.21"]
[EventType "swiss"]
[EventRounds "6"]
[EventCountry "COL"]
[SourceTitle "Mega2024 Update 01"]
[Source "Chessbase"]
[SourceDate "2023.11.12"]
[SourceVersion "1"]
[SourceVersionDate "2023.11.12"]
[SourceQuality "1"]

1. e4 c5 2. Nf3 e6 3. Nc3 Nc6 4. d3 d6 5. Be2 Nf6 6. Bg5 Be7 7. 0-0 h6 8. Bh4 Bd7 9. Bg3 Nh5 10. Bh4 Nf4 11. Bxe7 Nxe7 12. d4 Nxe2+ 13. Qxe2 cxd4 14. Nxd4 0-0 15. Rad1 a6 16. Kh1 Qb6 17. b3 Rac8 18. Qe3 Ng6 19. f4 e5 20. Nd5 exd4 21. Nxb6 dxe3 22. Rxd6 Rc6 23. Rxd7 Rxb6 24. Rd3 e2 25. Re1 Nxf4 26. Rf3 Ne6 27. c3 Rd8 28. Rf2 Rd1 29. Rfxe2 Rbd6 0-1

[Event "Pereira GP op 2nd"]
[Site "Pereira"]
[Date "2023.10.21"]
[Round "2"]
[White "Nieto Medina, Agustin"]
[Black "Giraldo Guevara, Juan Diego"]
[Result "1-0"]
[WhiteElo "2114"]
[BlackElo "1627"]
[PlyCount "43"]
[EventDate "2023.10.21"]
[EventType "swiss"]
[EventRounds "6"]
[EventCountry "COL"]
[SourceTitle "Mega2024 Update 01"]
[Source "Chessbase"]
[SourceDate "2023.11.12"]
[SourceVersion "1"]
[SourceVersionDate "2023.11.12"]
[SourceQuality "1"]

1. Nf3 d5 2. g3 Nf6 3. Bg2 c5 4. 0-0 Bf5 5. d3 Nc6 6. Nbd2 e6 7. Re1 Be7 8. c3 0-0 9. Qc2 Rc8 10. e4 Bg6 11. Nh4 Bh5 12. h3 dxe4 13. dxe4 Nd7 14. Nhf3 Nde5 15. g4 Bg6 16. Nxe5 Nxe5 17. Rd1 Qc7 18. Nf1 Rfd8 19. f4 Rxd1 20. Qxd1 Rd8 21. Qe2 Nd3 22. f5 1-0

[Event "COL-ch 20"]
[Site "Cali"]
[Date "2023.06.24"]
[Round "4"]
[White "Giraldo Guevara, Juan Diego"]
[Black "Lozano Pulgarin, Josue Amador"]
[Result "1-0"]
[WhiteElo "1695"]
[BlackElo "1275"]
[PlyCount "85"]
[EventDate "2023.06.22"]
[EventType "swiss"]
[EventRounds "7"]
[EventCountry "COL"]
[SourceTitle "CBM 214 Extra"]
[Source "ChessBase"]
[SourceDate "2023.07.31"]
[SourceVersion "1"]
[SourceVersionDate "2023.07.31"]
[SourceQuality "1"]

1. e4 e5 2. Nf3 Nc6 3. Bb5 g6 4. c3 Bg7 5. d4 a6 6. Ba4 b5 7. Bc2 d6 8. Be3 Nf6 9. h3 Bb7 10. Nbd2 Qe7 11. d5 Na7 12. a4 c5 13. 0-0 0-0 14. Re1 Rac8 15. Nf1 Rc7 16. Ng3 h6 17. Qd2 Kh7 18. Nh2 Nc8 19. a5 Qd7 20. b4 Ne7 21. Rac1 cxb4 22. cxb4 Rfc8 23. f4 exf4 24. Bxf4 Nfg8 25. Bb1 Bc3 26. Qf2 Bxe1 27. Rxe1 f6 28. Rf1 Rf8 29. Bd2 Nc8 30. Bd3 Qf7 31. Qe3 Re7 32. Qd4 Qg7 33. Bc3 Rc7 34. Ng4 Rcf7 35. Ne3 Nce7 36. Ng4 Bc8 37. Ne3 Kh8 38. Qb6 g5 39. Qxd6 Qg6 40. Qc5 Bb7 41. Qd4 Rd8 42. Qb6 Nc8 43. Qxd8 1-0

[Event "Manizales op 28th"]
[Site "Manizales"]
[Date "2023.01.05"]
[Round "1"]
[White "Hurtado Sarmiento, Juan Sebastian"]
[Black "Giraldo Guevara, Juan Diego"]
[Result "1-0"]
[WhiteElo "1966"]
[BlackElo "1572"]
[PlyCount "55"]
[EventDate "2023.01.05"]
[EventType "swiss"]
[EventRounds "8"]
[EventCountry "COL"]
[SourceTitle "CBM 212 Extra"]
[Source "ChessBase"]
[SourceDate "2023.03.31"]
[SourceVersion "1"]
[SourceVersionDate "2023.03.31"]
[SourceQuality "1"]

1. e4 c5 2. Nf3 d6 3. d4 cxd4 4. Nxd4 Nf6 5. Nc3 a6 6. Bg5 e6 7. f4 Be7 8. Qf3 Nbd7 9. 0-0-0 Qc7 10. Bd3 b5 11. Rhe1 Bb7 12. Qg3 h6 13. Bh4 0-0 14. e5 dxe5 15. fxe5 Nh5 16. Qg4 Bxh4 17. Qxh4 g6 18. Nxe6 fxe6 19. Bxg6 Nxe5 20. Qxh5 Nxg6 21. Qxg6+ Kh8 22. Qxh6+ Kg8 23. Qg6+ Kh8 24. Rd3 Rf7 25. Red1 b4 26. Qh6+ Rh7 27. Qf6+ Qg7 28. Rd8+ 1-0